000 01262nam a22004457a 4500
001 BR7705479
003 BR-BrBNA
005 20230928085444.0
007 ta
008 230509b bl.||||| |||| 00| 0 por d
040 _aBR-BrBNA
_bpor
_cBiblioteca Nacional de Agricultura
041 _a(Por)
072 _aE10; E15
_b/G514
090 _ E10 BR7705479
100 1 _aBrandt, S.A.
100 1 _aQueiroz, E.A.
100 1 _aPorto, B. de S.
100 1 _aAmaral, A.L. do
100 1 _aMeira, D.P.
110 1 _aComissao Estadual de Planejamento Agricola, Cuiaba, MT (Brasil)
_92045
245 1 _aEstrutura da Producao Primaria do Estado de Mato Grosso. Estrutura da Producao. Empresa Rural [Brasil]
_bv. 3
260 3 _aCuiaba, MT (Brasil):
_c1977.
300 _a96 p.
500 _a33 tables; 28 ref.
650 _aAGRICULTURA
650 _aPECUARIA
650 _aEMPRESA RURAL
650 _aANALISE ECONOMICA
650 _aMODELO MATEMATICO
650 _aCUSTO DE PRODUCAO
650 _aRECURSO ECONOMICO
650 _aMAO-DE-OBRA
650 _aINSUMO
650 _aASSISTENCIA TECNICA
650 _aCREDITO
650 _aESTRUTURA AGRARIA
650 _aMATO GROSSO
909 _a202309
_bLucia
_c55
_dLucia Elande
942 _cBK
999 _c24517
_d24517